| 000 | 00485nam a2200193Ia 4500 | ||
|---|---|---|---|
| 005 | 20140311163140.0 | ||
| 008 | 140130s9999 xx 000 0 und d | ||
| 020 | _a0590638815 | ||
| 050 |
_aQL 638.9 _b.C448 1998 |
||
| 100 |
_aChessen, Betsey _931446 |
||
| 245 |
_cChessen, Betsey _aShark / |
||
| 260 |
_bScholastic, _c1998. _aU.S.A : |
||
| 300 |
_a1 v. (unpaged.) : _bcol. ill. ; _c21 cm. |
||
| 440 | _v1 | ||
| 521 | _aG2 | ||
| 526 | _c350 | ||
| 942 |
_cBK _2lcc |
||
| 999 |
_c41851 _d41851 |
||